Ave Maria knižka modlitieb a cirkevných piesní pre kresťana katolíka, mariánskeho pútnika

Bibliographic Details
Other Authors: Pöstényi, Ján, 1891-1980 (Compiler)
Format: Book
Language:Slovak
Published: Trnava Spolok sv. Vojtecha 1949
Edition:2. nezmen. vyd.
Subjects:

MARC

LEADER 00000nam a2200000 a 4500
001 vtls008391723
003 SK-MaSNL
005 20260301101719.0
008 230403s1949 xo a g 000 0 slo
015 |a SNBA19451955-009517 
020 |q (brož.) 
035 |a SK01SNKBKSFS20010083940 
035 |a urn:nbn:sk:snk-am3ibc3 
035 |a urn:nbn:sk:snk-am00e0su 
035 |a 13105717-3283-4613-9395-E2BAEC972AF5 
035 |a SKM000086403 
040 |a SNK  |b slo  |c SNK  |e AACR2 
041 0 |a slo 
044 |a xo  |c SK 
080 |a 243  |2 1981 
080 |a 245  |2 1981 
080 |a 272-534.35  |2 2011 
080 |a 783.6  |2 2011 
080 |a (094.9)  |2 2011 
245 0 0 |a Ave Maria  |b knižka modlitieb a cirkevných piesní pre kresťana katolíka, mariánskeho pútnika  |c sostavil Ján Pöstényi 
250 |a 2. nezmen. vyd. 
260 |a Trnava  |b Spolok sv. Vojtecha  |c 1949  |e [s.l.]  |f Spolok Sv. Vojtecha 
300 |a 424 s.  |b ilustr.  |c 15 cm 
366 |e 10000 výt. 
500 |a Ilustrované. Noty piesní 
500 |a Frontispice 
655 7 |a výbery  |2 SNKPH  |9 67620 
655 7 |a Collections of documents  |2 SNKPHeng  |9 265173 
655 7 |a katolícke modlitby  |2 SNKPH  |9 436364 
655 7 |a Catholic prayers  |2 SNKPHeng  |9 436365 
655 7 |a duchovné piesne  |2 SNKPH  |9 167489 
655 7 |a Sacred songs  |2 SNKPHeng  |9 436366 
700 1 |a Pöstényi, Ján,  |d 1891-1980  |4 com  |9 40170 
852 |a Slovenská národná knižnica 
954 |a duchovná literatúra pôvodná (slovenská)  |2 lita 
958 |a OND 
958 |a RK 
958 |a EUIPO 
958 |a NT 
999 |c 690113  |d 692043 
952 |a SNK  |b SNK  |y PREZ  |7 0  |p 17A0732886  |o snkSE 865  |i snk6959/49  |0 0  |1 0  |4 0  |d 2017-09-05  |f 1  |l 0  |r 2026-02-23 20:24:42  |w 2026-02-23